MARC details
| 000 -LEADER |
| fixed length control field |
02596cam a22006257i 4500 |
| 001 - CONTROL NUMBER |
| control field |
2724 |
| 003 - CONTROL NUMBER IDENTIFIER |
| control field |
FISKH |
| 005 - DATE AND TIME OF LATEST TRANSACTION |
| control field |
20250403085110.0 |
| 008 - FIXED-LENGTH DATA ELEMENTS--GENERAL INFORMATION |
| fixed length control field |
140723t20152013nyu d 000 1 eng d |
| 010 ## - LIBRARY OF CONGRESS CONTROL NUMBER |
| LC control number |
2014946656 |
| 020 ## - INTERNATIONAL STANDARD BOOK NUMBER |
| International Standard Book Number |
9780062333575 (hardcover) |
| 020 ## - INTERNATIONAL STANDARD BOOK NUMBER |
| International Standard Book Number |
0062333577 (hardcover) |
| 020 ## - INTERNATIONAL STANDARD BOOK NUMBER |
| International Standard Book Number |
9780062333582 (paperback) |
| 020 ## - INTERNATIONAL STANDARD BOOK NUMBER |
| International Standard Book Number |
0062333585 (paperback) |
| 035 ## - SYSTEM CONTROL NUMBER |
| System control number |
(OCoLC)ocn900475810 |
| 040 ## - CATALOGING SOURCE |
| Original cataloging agency |
CZA |
| Language of cataloging |
eng |
| Transcribing agency |
CZA |
| Description conventions |
rda |
| Modifying agency |
CZA |
| -- |
KNJ |
| -- |
YDXCP |
| -- |
BTCTA |
| -- |
BDX |
| -- |
IK2 |
| -- |
OCLCF |
| -- |
CLE |
| -- |
EHH |
| -- |
DLC |
| 042 ## - AUTHENTICATION CODE |
| Authentication code |
lccopycat |
| 050 00 - LIBRARY OF CONGRESS CALL NUMBER |
| Classification number |
PZ7.1.S594 |
| Item number |
Ge 2015 |
| 082 04 - DEWEY DECIMAL CLASSIFICATION NUMBER |
| Classification number |
823.92 |
| Edition number |
23 |
| 100 1# - MAIN ENTRY--PERSONAL NAME |
| Personal name |
Smale, Holly, |
| Relator term |
author. |
| 245 10 - TITLE STATEMENT |
| Title |
Geek girl / |
| Statement of responsibility, etc. |
Holly Smale. |
| 250 ## - EDITION STATEMENT |
| Edition statement |
First US edition. |
| 264 #1 - PRODUCTION, PUBLICATION, DISTRIBUTION, MANUFACTURE, AND COPYRIGHT NOTICE |
| Place of production, publication, distribution, manufacture |
New York, NY : |
| Name of producer, publisher, distributor, manufacturer |
HarperTeen, |
| Date of production, publication, distribution, manufacture, or copyright notice |
2015. |
| 264 #4 - PRODUCTION, PUBLICATION, DISTRIBUTION, MANUFACTURE, AND COPYRIGHT NOTICE |
| Date of production, publication, distribution, manufacture, or copyright notice |
2013 |
| 300 ## - PHYSICAL DESCRIPTION |
| Extent |
362, 7 pages ; |
| Dimensions |
22 cm |
| 336 ## - CONTENT TYPE |
| Content type term |
text |
| Content type code |
txt |
| Source |
rdacontent |
| 337 ## - MEDIA TYPE |
| Media type term |
unmediated |
| Media type code |
n |
| Source |
rdamedia |
| 338 ## - CARRIER TYPE |
| Carrier type term |
volume |
| Carrier type code |
nc |
| Source |
rdacarrier |
| 500 ## - GENERAL NOTE |
| General note |
Originally published in Great Britain in 2013 by HarperCollins Children's Books. |
| 520 ## - SUMMARY, ETC. |
| Summary, etc. |
When she is accidentally discovered by a modeling agent, fifteen-year-old Harriet jumps at the chance to transform herself from a geek to a fashion model. |
| 521 8# - TARGET AUDIENCE NOTE |
| Target audience note |
When she is accidentally discovered by a modeling agent, fifteen-year-old Harriet jumps at the chance to transform herself from a geek to a fashion model. |
| 650 #0 - SUBJECT ADDED ENTRY--TOPICAL TERM |
| Topical term or geographic name entry element |
Models (Persons) |
| Form subdivision |
Juvenile fiction. |
| 650 #0 - SUBJECT ADDED ENTRY--TOPICAL TERM |
| Topical term or geographic name entry element |
Fashion |
| Form subdivision |
Juvenile fiction. |
| 650 #0 - SUBJECT ADDED ENTRY--TOPICAL TERM |
| Topical term or geographic name entry element |
Teenage girls |
| Form subdivision |
Juvenile fiction. |
| 650 #0 - SUBJECT ADDED ENTRY--TOPICAL TERM |
| Topical term or geographic name entry element |
Adjustment (Psychology) |
| Form subdivision |
Juvenile fiction. |
| 650 #0 - SUBJECT ADDED ENTRY--TOPICAL TERM |
| Topical term or geographic name entry element |
Popularity |
| Form subdivision |
Juvenile fiction. |
| 650 #0 - SUBJECT ADDED ENTRY--TOPICAL TERM |
| Topical term or geographic name entry element |
Beauty, Personal |
| Form subdivision |
Juvenile fiction. |
| 650 #0 - SUBJECT ADDED ENTRY--TOPICAL TERM |
| Topical term or geographic name entry element |
Self-confidence |
| Form subdivision |
Juvenile fiction. |
| 650 #1 - SUBJECT ADDED ENTRY--TOPICAL TERM |
| Topical term or geographic name entry element |
Modeling (Persons) |
| Form subdivision |
Fiction. |
| 650 #1 - SUBJECT ADDED ENTRY--TOPICAL TERM |
| Topical term or geographic name entry element |
Fashion |
| Form subdivision |
Fiction. |
| 650 #1 - SUBJECT ADDED ENTRY--TOPICAL TERM |
| Topical term or geographic name entry element |
Best friends |
| Form subdivision |
Fiction. |
| 650 #1 - SUBJECT ADDED ENTRY--TOPICAL TERM |
| Topical term or geographic name entry element |
Interpersonal relations |
| Form subdivision |
Fiction. |
| 650 #7 - SUBJECT ADDED ENTRY--TOPICAL TERM |
| Topical term or geographic name entry element |
Adjustment (Psychology) |
| Source of heading or term |
fast |
| Authority record control number or standard number |
(OCoLC)fst00796680 |
| 650 #7 - SUBJECT ADDED ENTRY--TOPICAL TERM |
| Topical term or geographic name entry element |
Beauty, Personal. |
| Source of heading or term |
fast |
| Authority record control number or standard number |
(OCoLC)fst00829396 |
| 650 #7 - SUBJECT ADDED ENTRY--TOPICAL TERM |
| Topical term or geographic name entry element |
Fashion. |
| Source of heading or term |
fast |
| Authority record control number or standard number |
(OCoLC)fst00921600 |
| 650 #7 - SUBJECT ADDED ENTRY--TOPICAL TERM |
| Topical term or geographic name entry element |
Models (Persons) |
| Source of heading or term |
fast |
| Authority record control number or standard number |
(OCoLC)fst01024387 |
| 650 #7 - SUBJECT ADDED ENTRY--TOPICAL TERM |
| Topical term or geographic name entry element |
Popularity. |
| Source of heading or term |
fast |
| Authority record control number or standard number |
(OCoLC)fst01071475 |
| 650 #7 - SUBJECT ADDED ENTRY--TOPICAL TERM |
| Topical term or geographic name entry element |
Self-confidence. |
| Source of heading or term |
fast |
| Authority record control number or standard number |
(OCoLC)fst01111517 |
| 650 #7 - SUBJECT ADDED ENTRY--TOPICAL TERM |
| Topical term or geographic name entry element |
Teenage girls. |
| Source of heading or term |
fast |
| Authority record control number or standard number |
(OCoLC)fst01145412 |
| 655 #7 - INDEX TERM--GENRE/FORM |
| Genre/form data or focus term |
Fiction. |
| Source of term |
fast |
| Authority record control number or standard number |
(OCoLC)fst01423787 |
| 655 #7 - INDEX TERM--GENRE/FORM |
| Genre/form data or focus term |
Juvenile works. |
| Source of term |
fast |
| Authority record control number or standard number |
(OCoLC)fst01411637 |
| 906 ## - LOCAL DATA ELEMENT F, LDF (RLIN) |
| a |
7 |
| b |
cbc |
| c |
copycat |
| d |
2 |
| e |
epcn |
| f |
20 |
| g |
y-gencatlg |
| 942 ## - ADDED ENTRY ELEMENTS (KOHA) |
| Source of classification or shelving scheme |
Dewey Decimal Classification |
| Koha item type |
Books |
| Suppress in OPAC |
No |